000 00977nam a22002417a 4500
003 OSt
005 20260122192544.0
008 230628b ||||| |||| 00| 0 eng d
040 _cSSBUL
041 _ashan
082 _a495.9191
100 _aလွၼ်ႉပၢႆး (သီႇပေႃႉ)
_926982
245 _aလင်ႇၵႃႇပိတ်းပွတ်းၵႂၢမ်းဢိတ်းဢွတ်း /
_cလွၼ်ႉပၢႆး (သီႇပေႃႉ)
260 _aတႃႈၵုင်ႈ
_c2018
300 _aiv၊ 144 ၼႃႈ
_c20 ၸိၼ်ႇထီႇ
500 _aS-SAT: Dr. Prof Sai Aung Tun
500 _aပပ်ႉၸဝ်ႈတႃႇၼႁင်းၶေႃတွၵ်ႉတိူဝ်ႇၸၢႆးဢွင်ႇထုၼ်းလူႇတၢၼ်းဝႆႉမၢႆ 2467၊ 2468 လႄႈ 2475
650 _aလင်ႇၵႃႇတႆး
_924247
942 _cBK1
942 _2ddc
942 _2ddc
942 _2ddc
999 _c26506
_d26506